| 000 | 00710nam a2200241Ia 4500 | ||
|---|---|---|---|
| 003 | OSt | ||
| 005 | 20220927110006.0 | ||
| 006 | a|||||r|||| 00| 0 | ||
| 007 | ta | ||
| 008 | 220926b |||||||| |||| 00| 0 eng d | ||
| 024 | _a92418 | ||
| 037 | _cReference Collections | ||
| 040 |
_aRTL _cRTL _beng |
||
| 041 |
_2eng _aeng |
||
| 082 | _a"X9(F53):545p2,N65, K5" | ||
| 111 |
_aSeminar On Exports Of Processed Foods (1965 : Banglore) _9375799 |
||
| 245 | 0 | _aExports of processed foods | |
| 260 |
_aBanglore _bIndian Institute Of Foreign Trade India _c1965 |
||
| 300 |
_a51p. _ccm. |
||
| 650 | _aFuel | ||
| 942 |
_h"X9(F53):545p2,N65, K5" _cCC |
||
| 999 |
_c695293 _d695293 |
||